00795cam a2200241 a 450000100090000000300040000900500170001300800410003001000170007102000150008803500220010304000180012504200090014305000210015208200200017310000210019324500410021426000470025530000420030265000180034485600990036285600920046112669079OSt20230620161245.0020205s2002 nyua a 000 1 eng  a 2002101726 a0887766005 a(DLC) 2002101726 aDLCcDLCdDLC alcac00aPZ7.J579bA 200200a325.31222bCRO1 aJocelyn, Marthe.12aA day with Nellie /cMarthe Jocelyn. aPlattsburgh, N.Y. :bTundra Books,cc2002. a1 v. (unpaged) :bcol. ill. ;c26 cm. 1aDayvFiction.423Contributor biographical informationuhttp://www.loc.gov/catdir/bios/random054/2002101726.html423Publisher descriptionuhttp://www.loc.gov/catdir/description/random0413/2002101726.html